Transformacin̤ digital en las organizaciones

Bibliographic Details
Main Author: Gauthier-Umaą, Valřie
Other Authors: Mňdez-Romero, Rafael Alberto, Pèz Gabriunas, Iliana, Sanabria, Mauricio, Rivera Virgüez, Liliana
Format: eBook
Language:Spanish
Published: Bogot:̀ Universidad del Rosario, 2022
Subjects:
Online Access:Acceso restringido

MARC

LEADER 00000nam a22000007a 4500
005 20220825230144.0
007 cr|||| ||||
008 220825s2022 co |||||s|||| 00||0 spa d
020 |a 978-958-784-835-9 
035 |a 36973 
040 |a vLex 
090 |c 13846  |d 13846 
100 1 |a Gauthier-Umaą, Valřie 
245 1 0 |a Transformacin̤ digital en las organizaciones  |h [Recurso electrn̤ico] /  |c Valřie Gauthier-Umaą, Rafael Alberto Mňdez-Romero, Iliana Pèz Gabriunas, Mauricio Sanabria, Liliana Rivera Virgüez 
256 |a Servicio en ln̕ea 
260 |a Bogot:̀  |b Universidad del Rosario,  |c 2022 
300 |a 1 recurso electrn̤ico 
506 1 |a Disponible solo en los productos indicados  |d vLex Global  |d vLex Global (Academic Edition, excluding Law Schools)  |d vLex Global (U.S. Academic Edition, Law Schools)  |d vLex Global (U.S. Academic Edition, excluding Law Schools)  |d vLex Global (Academic Edition, Law Schools) 
650 0 4 |a Derecho de las Nuevas Tecnologa̕s  |z Colombia 
700 1 |a Mňdez-Romero, Rafael Alberto 
700 1 |a Pèz Gabriunas, Iliana 
700 1 |a Sanabria, Mauricio 
700 1 |a Rivera Virgüez, Liliana 
740 0 |a vLex Libros (Servicio en ln̕ea) 
856 4 0 |u https://app.vlex.com/#/sources/36973  |z Acceso restringido 
942 |c BOOK 
999 0 |a Law of New Technologies